[Event "NK senioren en veteranen 2015"]
[Site "Oosterbeek, Netherlands"]
[Date "2015.07.09"]
[Round "6"]
[White "Reulink, Fred"]
[Black "Schouten, Nico"]
[Result "1/2-1/2"]
[WhiteElo "2025"]
[BlackElo "2143"]
[PlyCount "49"]
[EventDate "2015.??.??"]

1. c4 c5 2. Nc3 Nf6 3. g3 g6 4. Bg2 Bg7 5. Nf3 O-O 6. O-O d6 7. d4 Na6 8. d5
Nc7 9. e4 Bd7 10. a4 a6 11. a5 Rb8 12. Re1 b5 13. axb6 Rxb6 14. Ra3 Bg4 15. Qc2
Bxf3 16. Bxf3 Nd7 17. Bg2 Ne5 18. Nd1 Qd7 19. Ne3 Rfb8 20. b3 Ne8 21. f4 Ng4
22. Nxg4 Qxg4 23. e5 Qc8 24. Bd2 Qb7 25. Re3 1/2-1/2

[Event "NK senioren en veteranen 2015"]
[Site "Oosterbeek, Netherlands"]
[Date "2015.07.09"]
[Round "6"]
[White "Pols, Leendert"]
[Black "Stap, Kees"]
[Result "0-1"]
[WhiteElo "1963"]
[BlackElo "2132"]
[PlyCount "50"]
[EventDate "2015.??.??"]

1. d4 d6 2. Nf3 g6 3. g3 Bg7 4. Bg2 e5 5. dxe5 dxe5 6. Qxd8+ Kxd8 7. O-O c6 8.
c3 f6 9. Nbd2 Be6 10. Nb3 Nd7 11. Be3 b6 12. Rad1 Kc7 13. Nfd2 Nh6 14. f3 Nf5
15. Bf2 Nd6 16. Rfe1 Rhd8 17. e4 a5 18. h3 Nb5 19. c4 Nd6 20. c5 Nxc5 21. Bxc5
bxc5 22. Nxc5 Bf7 23. a4 Bh6 24. b3 Nb7 25. Nxb7 Rxd2 0-1

[Event "NK senioren en veteranen 2015"]
[Site "Oosterbeek, Netherlands"]
[Date "2015.07.09"]
[Round "6"]
[White "Hoogland, Dirk"]
[Black "Caljé, Tom"]
[Result "1-0"]
[WhiteElo "2110"]
[BlackElo "1983"]
[PlyCount "65"]
[EventDate "2015.??.??"]

1. e4 d6 2. d4 Nf6 3. Nc3 c6 4. Nf3 Bg4 5. Be2 e6 6. h3 Bh5 7. O-O d5 8. Bg5
Be7 9. e5 Nfd7 10. Bxe7 Qxe7 11. Nh2 Bxe2 12. Nxe2 O-O 13. f4 c5 14. c3 Nc6 15.
Nf3 Rac8 16. Rf2 f6 17. Qd3 cxd4 18. cxd4 fxe5 19. fxe5 h6 20. Raf1 Nb4 21. Qb1
Nc2 22. Nf4 Rxf4 23. Rxc2 Rxc2 24. Qxc2 Nb8 25. b4 Nc6 26. Qd2 Rf8 27. b5 Nd8
28. Rc1 Qe8 29. Qd3 Qe7 30. Rc5 Qe8 31. Rc7 Rf7 32. Rc8 Rf8 33. Ra8 1-0

[Event "NK senioren en veteranen 2015"]
[Site "Oosterbeek, Netherlands"]
[Date "2015.07.09"]
[Round "6"]
[White "Selten, Jan"]
[Black "Holscher, Peter"]
[Result "1-0"]
[WhiteElo "2109"]
[BlackElo "1979"]
[PlyCount "107"]
[EventDate "2015.??.??"]

1. e4 e6 2. d4 d5 3. e5 Qd7 4. c3 b6 5. Nf3 Ne7 6. Bd3 Ba6 7. Bxa6 Nxa6 8. Qd3
Nb8 9. O-O Nbc6 10. Nbd2 h5 11. b4 Nf5 12. a4 a5 13. b5 Nce7 14. Rd1 Rc8 15.
Nf1 c6 16. Bg5 cxb5 17. Rdb1 Rc6 18. Rxb5 Qc7 19. Rb3 Nc8 20. Ne3 Nxe3 21. fxe3
Be7 22. Rf1 Rc4 23. Bxe7 Qxe7 24. Ra1 h4 25. h3 Rh6 26. e4 Qd7 27. exd5 exd5
28. e6 Rxe6 29. Qh7 Qe7 30. Ne5 Rxe5 31. dxe5 Qxe5 32. Rbb1 Re4 33. Rf1 Ne7 34.
Qh8+ Kd7 35. Rxf7 Qxc3 36. Raf1 Rxa4 37. Rxe7+ Kxe7 38. Qf8+ Ke6 39. Qe8+ Kd6
40. Qxa4 g5 41. Qe8 Qd4+ 42. Kh1 Kc5 43. Rc1+ Kb4 44. Rb1+ Kc3 45. Qe1+ Kc4 46.
Qe2+ Kc5 47. Qb5+ Kd6 48. Qxb6+ Qxb6 49. Rxb6+ Kc5 50. Ra6 Kb5 51. Ra8 a4 52.
Kg1 Kb4 53. Kf2 a3 54. Ke3 1-0

[Event "NK senioren en veteranen 2015"]
[Site "Oosterbeek, Netherlands"]
[Date "2015.07.09"]
[Round "6"]
[White "Jonkman, Fokke"]
[Black "Pluymert, Piet"]
[Result "1/2-1/2"]
[WhiteElo "2088"]
[BlackElo "1975"]
[PlyCount "217"]
[EventDate "2015.??.??"]

1. c4 f5 2. g3 Nf6 3. Bg2 c6 4. Nf3 d5 5. O-O e6 6. d3 Be7 7. Qc2 Nbd7 8. Nc3
O-O 9. Ng5 Nc5 10. b4 Na6 11. a3 Ng4 12. Nh3 d4 13. Nd1 c5 14. b5 Nc7 15. f3
Ne5 16. Nhf2 a6 17. f4 Ng6 18. b6 Ne8 19. Rb1 Qd6 20. a4 Nf6 21. a5 Rb8 22. e3
dxe3 23. Bxe3 Bd7 24. Qe2 Bc6 25. Bh3 h5 26. Nc3 Ng4 27. Nxg4 hxg4 28. Bg2 Bxg2
29. Kxg2 Bf6 30. Qc2 Ne7 31. Na4 Bd4 32. Bxd4 Qxd4 33. Rbd1 Nc6 34. Qd2 Rbc8
35. Rfe1 Rf6 36. Re3 Qd6 37. Nc3 Nd4 38. Rf1 Qc6+ 39. Kg1 Rh6 40. h4 gxh3 41.
Kh2 Nb3 42. Qf2 Nxa5 43. Rb1 Qd6 44. Ne2 Nc6 45. Ng1 Nd4 46. Nf3 Nxf3+ 47. Qxf3
Rc6 48. Qf2 Rxb6 49. Rxb6 Qxb6 50. Re5 Qd6 51. Rxc5 Qxd3 52. Rc8+ Kh7 53. Rc7
Qe4 54. Qb2 e5 55. Rxb7 Rg6 56. fxe5 f4 57. Rb3 Qxc4 58. Qb1 Qe2+ 59. Kxh3 f3
60. Rb2 Qxe5 61. g4 Qf4 62. Rb4 Qf6 63. g5 Qe6+ 64. Kg3 Qe5+ 65. Kh3 f2 66.
Rh4+ Kg8 67. Qa2+ Qe6+ 68. Qxe6+ Rxe6 69. Kg2 Re5 70. Kxf2 Rxg5 71. Ra4 Rg6 72.
Kf3 Kf7 73. Rc4 Re6 74. Kf4 Kf6 75. Rc7 Rb6 76. Ra7 g5+ 77. Kg4 Kg6 78. Ra8
Rb4+ 79. Kg3 Ra4 80. Rg8+ Kf6 81. Rf8+ Kg7 82. Rf5 Kg6 83. Rf8 a5 84. Rg8+ Kf6
85. Rf8+ Kg7 86. Rc8 Kf7 87. Rc6 Ke7 88. Ra6 Kd7 89. Rg6 g4 90. Ra6 Kc7 91. Rg6
Kb7 92. Rg7+ Kc6 93. Rg6+ Kd5 94. Rg5+ Ke6 95. Rb5 Kd6 96. Rf5 Kc6 97. Rf6+ Kb5
98. Rf5+ Kb4 99. Kxg4 Kb3+ 100. Kf3 Ra1 101. Ke2 a4 102. Kd2 Rh1 103. Rb5+ Kc4
104. Ra5 Kb4 105. Ra8 a3 106. Kc2 Rh2+ 107. Kb1 a2+ 108. Rxa2 Rxa2 109. Kxa2
1/2-1/2

[Event "NK senioren en veteranen 2015"]
[Site "Oosterbeek, Netherlands"]
[Date "2015.07.09"]
[Round "6"]
[White "Houweling, Bert"]
[Black "Van Duijn, Roel"]
[Result "1-0"]
[WhiteElo "2045"]
[BlackElo "2094"]
[PlyCount "53"]
[EventDate "2015.??.??"]

1. e4 e6 2. d4 d5 3. Nd2 c5 4. Ngf3 cxd4 5. exd5 Qxd5 6. Bc4 Qd6 7. O-O Nf6 8.
Nb3 Nc6 9. Nbxd4 Nxd4 10. Nxd4 a6 11. c3 Qc7 12. Bb3 Bd6 13. h3 e5 14. Ba4+ b5
15. Bxb5+ Kf8 16. Ba4 exd4 17. cxd4 Bb7 18. Bg5 Qa5 19. Bxf6 gxf6 20. d5 Rg8
21. Bc6 Bxc6 22. dxc6 Qe5 23. f4 Qc5+ 24. Rf2 Bxf4 25. c7 Be3 26. Qd8+ Kg7 27.
Qxf6+ 1-0

[Event "NK senioren en veteranen 2015"]
[Site "Oosterbeek, Netherlands"]
[Date "2015.07.09"]
[Round "6"]
[White "Erwich, Frans"]
[Black "Etmans, Maarten"]
[Result "0-1"]
[WhiteElo "1949"]
[BlackElo "1987"]
[PlyCount "60"]
[EventDate "2015.??.??"]

1. e4 Nc6 2. Nf3 d6 3. Nc3 Bg4 4. Bc4 Bxf3 5. gxf3 e5 6. d3 Qh4 7. Be3 g6 8.
Nb5 Qd8 9. c3 a6 10. Na3 Qd7 11. h4 h5 12. b4 Bg7 13. Qb3 Nd8 14. d4 b5 15. Bd3
Ne6 16. Nc2 Ne7 17. a4 O-O 18. Ke2 d5 19. axb5 axb5 20. dxe5 Bxe5 21. Nd4 Rxa1
22. Rxa1 Bxd4 23. exd5 Nxd5 24. cxd4 Ndf4+ 25. Kd1 Nxd4 26. Qc3 Nde6 27. Kc2
Nxd3 28. Qxd3 Qc6+ 29. Kb2 Qxf3 30. Qxb5 Qf6+ 0-1

[Event "NK senioren en veteranen 2015"]
[Site "Oosterbeek, Netherlands"]
[Date "2015.07.09"]
[Round "6"]
[White "Goossen, Theo"]
[Black "Taal, Anne Paul"]
[Result "1-0"]
[WhiteElo "1962"]
[BlackElo "1913"]
[PlyCount "73"]
[EventDate "2015.??.??"]

1. e4 c5 2. Nf3 e6 3. c3 d5 4. exd5 Qxd5 5. d4 Nc6 6. Na3 a6 7. Nc2 cxd4 8.
Ncxd4 Nf6 9. Nxc6 Qxc6 10. Bd3 Bd6 11. Qe2 h6 12. O-O O-O 13. Re1 e5 14. Nd2
Be6 15. Ne4 Nxe4 16. Qxe4 Qxe4 17. Bxe4 Rab8 18. Be3 f5 19. Red1 Bc7 20. Bd5
Kf7 21. Ba7 Rbd8 22. Bxb7 a5 23. b3 Rxd1+ 24. Rxd1 Rd8 25. Rxd8 Bxd8 26. Bc5 a4
27. c4 Be7 28. Bb6 a3 29. Kf1 Bb4 30. Ke2 Ke7 31. Bc7 Bc3 32. Kd3 Bb2 33. Ba5
Kd7 34. f3 Kd6 35. Ba8 Kc5 36. Bc3 Bc1 37. Bxe5 1-0

[Event "NK senioren en veteranen 2015"]
[Site "Oosterbeek, Netherlands"]
[Date "2015.07.09"]
[Round "6"]
[White "Mostertman, Loek"]
[Black "Van Oosten, Arend"]
[Result "0-1"]
[WhiteElo "1945"]
[BlackElo "2154"]
[PlyCount "60"]
[EventDate "2015.??.??"]

1. e4 Nf6 2. e5 Nd5 3. d4 d6 4. c4 Nb6 5. f4 dxe5 6. fxe5 Nc6 7. Be3 Bf5 8. Nc3
e6 9. Nf3 Qd7 10. Rc1 Rd8 11. c5 Nd5 12. Bg5 Be7 13. Bxe7 Ndxe7 14. Bb5 Bg4 15.
O-O O-O 16. Kh1 Bxf3 17. Qxf3 Qxd4 18. Rcd1 Qxe5 19. Rxd8 Nxd8 20. b4 Nf5 21.
Ne2 Nd4 22. Nxd4 Qxd4 23. a3 c6 24. Bd3 e5 25. Rd1 Qh4 26. g3 Qe7 27. Re1 g6
28. Bc4 Kg7 29. Qe4 f6 30. h4 Nf7 0-1

[Event "NK senioren en veteranen 2015"]
[Site "Oosterbeek, Netherlands"]
[Date "2015.07.09"]
[Round "6"]
[White "Landsbergen, Ron"]
[Black "Fassaert, Désiré"]
[Result "1/2-1/2"]
[WhiteElo "1963"]
[BlackElo "1910"]
[PlyCount "43"]
[EventDate "2015.??.??"]

1. d4 Nf6 2. Nf3 e6 3. Bf4 c5 4. c3 b6 5. e3 Bb7 6. Nbd2 Be7 7. Bd3 Nh5 8. Bg3
d6 9. e4 Nd7 10. Qe2 h6 11. Nf1 Qc7 12. Ne3 Nxg3 13. hxg3 Nf6 14. Nd2 cxd4 15.
cxd4 Rc8 16. f3 g6 17. Kf2 Kf8 18. g4 Kg7 19. Nb3 Qb8 20. Ba6 Rc7 21. Rac1 Rhc8
22. Rxc7 1/2-1/2

[Event "NK senioren en veteranen 2015"]
[Site "Oosterbeek, Netherlands"]
[Date "2015.07.09"]
[Round "6"]
[White "Lootsma, Jan"]
[Black "Perrenet, Jacob"]
[Result "1/2-1/2"]
[WhiteElo "1986"]
[BlackElo "2049"]
[PlyCount "106"]
[EventDate "2015.??.??"]

1. e4 Nc6 2. d4 d5 3. e5 f6 4. f4 Nh6 5. Nf3 Bf5 6. Be3 e6 7. Bd3 Nb4 8. Bxf5
Nxf5 9. Bf2 c5 10. c3 Na6 11. O-O Qd7 12. a3 Be7 13. g4 Nh6 14. h3 Nf7 15. Be3
O-O 16. Nbd2 Rac8 17. exf6 gxf6 18. Nh4 Kh8 19. Ndf3 Rg8 20. Kh1 Nd6 21. Nd2 b6
22. f5 Nc7 23. Qf3 Rcf8 24. Bh6 Nf7 25. Bxf8 Ng5 26. Qe3 Rxf8 27. Rae1 e5 28.
dxe5 d4 29. cxd4 cxd4 30. Qg3 fxe5 31. Qxe5+ Bf6 32. Qg3 Nd5 33. Ng2 Qb5 34. b4
Nf7 35. Nf3 Ne3 36. Nxe3 dxe3 37. Qg2 Re8 38. Re2 Qd3 39. g5 Rg8 40. h4 Bc3 41.
Nh2 Nd6 42. Qg4 Ne4 43. Kg2 Bf6 44. Qf3 Bxg5 45. hxg5 Rxg5+ 46. Ng4 h5 47. Rh1
Nf6 48. Qxe3 Qxf5 49. Rf2 Qd5+ 50. Rf3 Nxg4 51. Qe8+ Kg7 52. Qe7+ Kg6 53. Qe8+
Kg7 1/2-1/2

[Event "NK senioren en veteranen 2015"]
[Site "Oosterbeek, Netherlands"]
[Date "2015.07.10"]
[Round "7"]
[White "Homs, Guust"]
[Black "Van den Berg, Ad"]
[Result "1-0"]
[WhiteElo "2188"]
[BlackElo "2199"]
[PlyCount "83"]
[EventDate "2015.??.??"]

1. e4 c5 2. c3 e5 3. Nf3 Nc6 4. Bc4 Qc7 5. O-O h6 6. d3 Be7 7. Nbd2 d6 8. Re1
g5 9. Nf1 g4 10. N3d2 h5 11. Ne3 Nf6 12. Ndf1 h4 13. a3 a5 14. Bd2 Rb8 15. Nd5
Nxd5 16. Bxd5 Rg8 17. Ne3 Bf6 18. Rf1 Rg7 19. Bb3 Ne7 20. Nd5 Nxd5 21. Bxd5 Bd7
22. f4 Ke7 23. fxe5 Bxe5 24. Bh6 Rh7 25. Bg5+ Ke8 26. Qd2 Bc6 27. Bf6 h3 28. g3
Bxf6 29. Rxf6 Qe7 30. Raf1 Bxd5 31. exd5 Kf8 32. Qf4 Rd8 33. Kf2 Qe5 34. Qxe5
dxe5 35. c4 Ke7 36. Ke3 Rd6 37. Rxd6 Kxd6 38. Rf6+ Ke7 39. Rb6 Rh5 40. Rxb7+
Ke8 41. Ke4 f6 42. d6 1-0

[Event "NK senioren en veteranen 2015"]
[Site "Oosterbeek, Netherlands"]
[Date "2015.07.10"]
[Round "7"]
[White "Vogel, Jaap"]
[Black "Hoogland, Dirk"]
[Result "1/2-1/2"]
[WhiteElo "2173"]
[BlackElo "2110"]
[PlyCount "25"]
[EventDate "2015.??.??"]

1. d4 Nf6 2. Nf3 e6 3. g3 b5 4. Bg2 Bb7 5. O-O c5 6. a4 b4 7. a5 Na6 8. c3 bxc3
9. bxc3 Be7 10. Nbd2 O-O 11. Ba3 Rb8 12. Re1 Ne4 13. Qc2 1/2-1/2

[Event "NK senioren en veteranen 2015"]
[Site "Oosterbeek, Netherlands"]
[Date "2015.07.10"]
[Round "7"]
[White "Stap, Kees"]
[Black "Van Leeuwen, Etienne"]
[Result "1-0"]
[WhiteElo "2132"]
[BlackElo "2032"]
[PlyCount "51"]
[EventDate "2015.??.??"]

1. c4 e5 2. g3 Nf6 3. Bg2 c6 4. d4 exd4 5. Qxd4 d5 6. Nf3 Be6 7. cxd5 cxd5 8.
O-O Nc6 9. Qa4 Bc5 10. Nc3 O-O 11. e3 Rc8 12. a3 Bb6 13. Ne2 Qd7 14. Qd1 Bh3
15. b4 Bxg2 16. Kxg2 Rfd8 17. Bb2 Qf5 18. Rc1 Ng4 19. Ned4 Nxd4 20. Nxd4 Qe4+
21. Qf3 Ne5 22. Qxe4 dxe4 23. Rxc8 Rxc8 24. Nf5 Nc6 25. b5 g6 26. bxc6 1-0

[Event "NK senioren en veteranen 2015"]
[Site "Oosterbeek, Netherlands"]
[Date "2015.07.10"]
[Round "7"]
[White "Hoynck van Papendrecht, Fr"]
[Black "Selten, Jan"]
[Result "1-0"]
[WhiteElo "2011"]
[BlackElo "2109"]
[PlyCount "49"]
[EventDate "2015.??.??"]

1. b3 c5 2. e4 e6 3. Bb2 d5 4. Bb5+ Nc6 5. Qe2 d4 6. f4 Qc7 7. Nh3 Bd7 8. O-O
O-O-O 9. d3 Nh6 10. Nd2 f5 11. Ng5 Re8 12. c3 dxc3 13. Bxc3 Be7 14. Bxc6 Bxc6
15. Nxe6 Qd7 16. Nxg7 Rd8 17. Nxf5 Nxf5 18. exf5 Rhg8 19. Nf3 Qxd3 20. Qe6+ Kb8
21. Be5+ Ka8 22. Qxe7 Bxf3 23. Rxf3 Qe2 24. Rf2 Rxg2+ 25. Rxg2 1-0

[Event "NK senioren en veteranen 2015"]
[Site "Oosterbeek, Netherlands"]
[Date "2015.07.10"]
[Round "7"]
[White "Pluymert, Piet"]
[Black "Boersma, Jan"]
[Result "0-1"]
[WhiteElo "1975"]
[BlackElo "2145"]
[PlyCount "94"]
[EventDate "2015.??.??"]

1. c4 g6 2. Nc3 Bg7 3. d4 Nf6 4. e4 O-O 5. f4 d6 6. Be2 c5 7. d5 b5 8. cxb5 a6
9. bxa6 Bxa6 10. Be3 Qa5 11. Qd2 Nbd7 12. Bxa6 Qxa6 13. Nge2 Rfb8 14. Rb1 Rb4
15. Qc2 Rab8 16. b3 c4 17. h3 Rc8 18. bxc4 Rbxc4 19. Qd2 Nxe4 20. Nxe4 Rxe4 21.
O-O Ra4 22. Rfc1 Nc5 23. Rc2 Ra8 24. f5 Ne4 25. Qc1 Rxa2 26. Rb6 Rxc2 27. Qxc2
Qa1+ 28. Rb1 Qxb1+ 29. Qxb1 Ra1 30. Qxa1 Bxa1 31. fxg6 hxg6 32. Nf4 Nf6 33. g4
Be5 34. Kg2 Bxf4 35. Bxf4 Nxd5 36. Bd2 Nb6 37. Kf3 Nd7 38. Ke4 e6 39. Bb4 d5+
40. Kd4 g5 41. Be7 f6 42. Bd8 Kf7 43. Bc7 Nf8 44. Bg3 Ng6 45. Bf2 Nf4 46. h4
e5+ 47. Ke3 gxh4 0-1

[Event "NK senioren en veteranen 2015"]
[Site "Oosterbeek, Netherlands"]
[Date "2015.07.10"]
[Round "7"]
[White "Schouten, Nico"]
[Black "Houweling, Bert"]
[Result "1-0"]
[WhiteElo "2143"]
[BlackElo "2045"]
[PlyCount "43"]
[EventDate "2015.??.??"]

1. d4 Nf6 2. c4 c5 3. dxc5 Nc6 4. a3 a5 5. Nc3 e5 6. Bg5 Bxc5 7. e3 h6 8. Bxf6
Qxf6 9. Nge2 O-O 10. Ng3 d6 11. Bd3 Qg5 12. h4 Qg4 13. Qxg4 Bxg4 14. Bf5 Bxf5
15. Nxf5 Kh7 16. h5 g6 17. hxg6+ Kxg6 18. g4 Rh8 19. Rh5 e4 20. Nxe4 Ne5 21.
Nh4+ Kg7 22. Nxc5 1-0

[Event "NK senioren en veteranen 2015"]
[Site "Oosterbeek, Netherlands"]
[Date "2015.07.10"]
[Round "7"]
[White "Reulink, Fred"]
[Black "Jonkman, Fokke"]
[Result "1/2-1/2"]
[WhiteElo "2025"]
[BlackElo "2088"]
[PlyCount "66"]
[EventDate "2015.??.??"]

1. c4 c5 2. g3 g6 3. Bg2 Bg7 4. Nc3 e6 5. e3 Ne7 6. Nge2 Nbc6 7. O-O O-O 8. d4
d6 9. b3 cxd4 10. Nxd4 Nxd4 11. exd4 a6 12. Bg5 h6 13. Bxe7 Qxe7 14. Rc1 Rb8
15. a4 b6 16. Re1 Qc7 17. Qd2 Kh7 18. Rc2 f5 19. Ne2 e5 20. dxe5 dxe5 21. Nc3
Be6 22. Bd5 Rfd8 23. Qe2 Bxd5 24. Nxd5 Qd6 25. Rd1 a5 26. Rcd2 Qa3 27. Qd3 e4
28. Qc2 Qf8 29. Nf4 Qf6 30. h4 h5 31. Rxd8 Rxd8 32. Nd5 Qd6 33. Qe2 Bh6 1/2-1/2

[Event "NK senioren en veteranen 2015"]
[Site "Oosterbeek, Netherlands"]
[Date "2015.07.10"]
[Round "7"]
[White "Etmans, Maarten"]
[Black "Pols, Leendert"]
[Result "0-1"]
[WhiteElo "1987"]
[BlackElo "1963"]
[PlyCount "32"]
[EventDate "2015.??.??"]

1. e4 e6 2. d4 d5 3. Nc3 dxe4 4. Nxe4 Nd7 5. Nf3 Ngf6 6. Bg5 Be7 7. Nc3 Nd5 8.
Nxd5 exd5 9. Qe2 f6 10. Bf4 Nb6 11. O-O-O O-O 12. Qd2 Bg4 13. h3 Bf5 14. Bd3
Bxd3 15. Qxd3 Bd6 16. Qf5 Qd7 0-1

[Event "NK senioren en veteranen 2015"]
[Site "Oosterbeek, Netherlands"]
[Date "2015.07.10"]
[Round "7"]
[White "Calje, Tom"]
[Black "Goossen, Theo"]
[Result "0-1"]
[WhiteElo "1983"]
[BlackElo "1962"]
[PlyCount "40"]
[EventDate "2015.??.??"]

1. e4 c5 2. d3 Nc6 3. f4 g6 4. Nf3 Bg7 5. Be2 e6 6. O-O Nge7 7. Nc3 d5 8. e5 h5
9. Nb5 Nf5 10. c3 a6 11. Na3 b5 12. Nc2 d4 13. Ng5 Qb6 14. Bd2 Bb7 15. Ne4 Rd8
16. Qe1 dxc3 17. bxc3 c4+ 18. Nd4 Ncxd4 19. cxd4 Bxe4 20. dxe4 Qxd4+ 0-1

[Event "NK senioren en veteranen 2015"]
[Site "Oosterbeek, Netherlands"]
[Date "2015.07.10"]
[Round "7"]
[White "Holscher, Peter"]
[Black "Van Oosten, Arend"]
[Result "1/2-1/2"]
[WhiteElo "1979"]
[BlackElo "2154"]
[PlyCount "49"]
[EventDate "2015.??.??"]

1. Nf3 e6 2. c4 f5 3. Nc3 Nf6 4. g3 d5 5. d4 c6 6. Bg5 Bd6 7. Bg2 O-O 8. O-O
Qe8 9. Qc2 Ne4 10. Bf4 Bxf4 11. gxf4 Nd7 12. e3 Qe7 13. Ne5 Nxe5 14. fxe5 Nxc3
15. Qxc3 f4 16. f3 Rf5 17. c5 Bd7 18. Rae1 Raf8 19. e4 Rh5 20. Rf2 Be8 21. Bf1
Rh6 22. Bd3 Bg6 23. exd5 cxd5 24. Rg2 Bf5 25. Bxf5 1/2-1/2

[Event "NK senioren en veteranen 2015"]
[Site "Oosterbeek, Netherlands"]
[Date "2015.07.10"]
[Round "7"]
[White "Van Duijn, Roel"]
[Black "Erwich, Frans"]
[Result "1-0"]
[WhiteElo "2094"]
[BlackElo "1949"]
[PlyCount "111"]
[EventDate "2015.??.??"]

1. e4 c5 2. a3 g6 3. Bc4 Bg7 4. Nc3 Nc6 5. Nge2 e6 6. d3 Nge7 7. Ng3 O-O 8. O-O
d5 9. Ba2 b6 10. Bd2 Ba6 11. Rb1 dxe4 12. Ncxe4 Qc7 13. Qc1 Nf5 14. Nxf5 exf5
15. Bf4 Qd7 16. Nc3 Rfe8 17. Bh6 Bh8 18. Qd2 Bb7 19. Rfe1 Nd4 20. Re3 Rxe3 21.
fxe3 Ne6 22. Rf1 Re8 23. Qf2 b5 24. Qg3 b4 25. axb4 cxb4 26. Nd1 Ng7 27. e4 Nh5
28. Qf2 Bd4 29. Be3 Bxe3 30. Nxe3 f4 31. g4 Re7 32. gxh5 fxe3 33. Qxe3 Qg4+ 34.
Qg3 Qxh5 35. Qf4 Qc5+ 36. Rf2 Qc7 37. Qf6 Bc8 38. d4 Bh3 39. e5 Qd7 40. Rf4 Qc7
41. Bb3 a5 42. Kf2 Bf5 43. Kg3 Qa7 44. Qc6 Rxe5 45. dxe5 Qg1+ 46. Qg2 Qe3+ 47.
Qf3 Qg1+ 48. Qg2 Qe3+ 49. Rf3 Qxe5+ 50. Kf2 Qd4+ 51. Ke1 Qh4+ 52. Qf2 Qe4+ 53.
Re3 Qh1+ 54. Kd2 a4 55. Bxa4 Qd5+ 56. Kc1 1-0

[Event "NK senioren en veteranen 2015"]
[Site "Oosterbeek, Netherlands"]
[Date "2015.07.10"]
[Round "7"]
[White "Taal, Anne Paul"]
[Black "Landsbergen, Ron"]
[Result "1/2-1/2"]
[WhiteElo "1913"]
[BlackElo "1963"]
[PlyCount "31"]
[EventDate "2015.??.??"]

1. d4 Nf6 2. Nf3 g6 3. Nbd2 d5 4. e3 Bg7 5. Bd3 b6 6. Qe2 c5 7. c3 O-O 8. O-O
Bb7 9. e4 dxe4 10. Nxe4 Nxe4 11. Bxe4 Bxe4 12. Qxe4 Nd7 13. Bg5 Nf6 14. Qh4
cxd4 15. Nxd4 Qc7 16. Rfe1 1/2-1/2

[Event "NK senioren en veteranen 2015"]
[Site "Oosterbeek, Netherlands"]
[Date "2015.07.10"]
[Round "7"]
[White "Perrenet, Jacob"]
[Black "Fassaert, Désiré"]
[Result "1/2-1/2"]
[WhiteElo "2049"]
[BlackElo "1910"]
[PlyCount "83"]
[EventDate "2015.??.??"]

1. Nc3 d5 2. e4 c6 3. Bd3 Nd7 4. exd5 Nc5 5. Bc4 b5 6. d4 bxc4 7. dxc5 cxd5 8.
Qxd5 Qxd5 9. Nxd5 Bb7 10. Nc7+ Kd7 11. Bf4 Bxg2 12. Ne2 Bxh1 13. O-O-O+ Kc8 14.
Rxh1 Rb8 15. Rd1 Rb7 16. Na6 Nf6 17. c6 Rb6 18. c7 Rd6 19. Bxd6 exd6 20. Nc3
Kb7 21. Nb5 d5 22. Nxa7 Bc5 23. Nxc5+ Kxa7 24. Re1 Kb6 25. Na4+ Kxc7 26. Re7+
Kc6 27. c3 Rf8 28. f3 Nd7 29. b4 cxb3 30. axb3 Kd6 31. Re3 g5 32. Kc2 f5 33. c4
dxc4 34. bxc4 g4 35. f4 Rf6 36. Rd3+ Kc6 37. Rd5 h5 38. Kd2 Rd6 39. Nc3 h4 40.
Ke2 Rxd5 41. Nxd5 Kd6 42. Ne3 1/2-1/2

[Event "NK senioren en veteranen 2015"]
[Site "Oosterbeek, Netherlands"]
[Date "2015.07.10"]
[Round "7"]
[White "Huysman, Arie"]
[Black "Mostertman, Loek"]
[Result "0-1"]
[WhiteElo "2020"]
[BlackElo "1945"]
[PlyCount "66"]
[EventDate "2015.??.??"]

1. e4 e5 2. Nf3 Nc6 3. Bb5 f5 4. exf5 e4 5. Qe2 Qe7 6. Bxc6 dxc6 7. Nd4 Qe5 8.
Nb3 Bxf5 9. Na3 O-O-O 10. d4 Qe8 11. Nc4 Nf6 12. Ne3 Be6 13. c4 h5 14. h3 g5
15. Bd2 g4 16. O-O-O Qg6 17. Bc3 Bh6 18. Nc5 Bf7 19. Kb1 b6 20. Nb3 Rhg8 21. h4
Kb7 22. g3 Rd7 23. Nd2 a5 24. b3 Rgd8 25. Kb2 Ne8 26. c5 b5 27. Bxa5 Rxd4 28.
Bc3 Rd3 29. Nb1 Nf6 30. Nc2 Nd5 31. Bd4 b4 32. Rhe1 Re8 33. Nd2 Nc3 0-1